000 00416pab a2200145 454500
008 180718b1987 xxu||||| |||| 00| 0 eng d
100 _aGaur, Mahendra
245 _aState decorations and article 18 of the Constitution of India
260 _c1987
300 _a111-18
362 _aJul.-Dec.
650 _aConstitutional Law - India
773 _aJournal of Constitutional and Parliamentary Studies
909 _a6513
999 _c6513
_d6513